Mystic's musings / (Record no. 42184)

MARC details
000 -LEADER
fixed length control field 00680nam a22002057a 4500
005 - DATE AND TIME OF LATEST TRANSACTION
control field 2010081607207.0
010 ## - LCCN (DPL NO)
LC control number ENG-100224
020 ## - INTERNATIONAL STANDARD BOOK NUMBER
International Standard Book Number 9788186685594
Terms of availability 395.00
035 ## - SYSTEM CONTROL NUMBER
System control number EN-83756
037 ## - SOURCE OF ACQUISITION
Source of stock number/acquisition DBAD/PUB
082 ## - DEWEY DECIMAL CLASSIFICATION NUMBER
Classification number 230.3
100 ## - MAIN ENTRY--PERSONAL NAME
Personal name Sadhguru
245 ## - TITLE STATEMENT
Title Mystic's musings /
Statement of responsibility, etc by Sadhguru
260 ## - PUBLICATION, DISTRIBUTION, ETC. (IMPRINT)
Place of publication, distribution, etc New Delhi
Name of publisher, distributor, etc Wisdom tree
Date of publication, distribution, etc 2004
270 ## - ADDRESS
Address C-209/1, Mayapuri II,
City New Delhi
Postal code 110064
300 ## - PHYSICAL DESCRIPTION
Extent viii, 513p.
Other physical details ill.
Dimensions 18cm (pbk)
500 ## - GENERAL NOTE
General note Includes index
942 ## - ADDED ENTRY ELEMENTS (KOHA)
Source of classification or shelving scheme Dewey Decimal Classification
Item type English Books
Classification part 230.3
Call number suffix SAD
Holdings
Withdrawn status Lost status Not for loan Collection code Home library Current library Date acquired Source of acquisition Cost, normal purchase price Full call number Barcode Copy number Cost, replacement price Koha item type
    Not For Loan Non-fiction D.B.Act.Division D.B.Act.Division 16/08/2010 DBAD/PUB 395.00 230.3 SAD EN-83756 1 395.00 English Books

© Delhi Public Library
Hit Counter
free hit counter